Statistics for Giro d'Italia 2020 Startlist

Click here to take the quiz!

General Stats

  • This quiz has been taken 29 times
  • The average score is 56 of 176

Answer Stats

Nr.TeamCountryRider% Correct
51BORA - hansgroheSVKPeter Sagan
88%
197Trek - SegafredoITAAntonio Nibali
80%
108Groupama - FDJFRABenjamin Thomas
80%
161INEOS GrenadiersGBRGeraint Thomas
80%
81Deceuninck - Quick StepPORJoão Almeida
80%
26Astana Pro TeamCOLMiguel Ángel López
80%
191Trek - SegafredoITAVincenzo Nibali
80%
131Mitchelton-ScottGBRSimon Yates
76%
165INEOS GrenadiersGBRTao Geoghegan Hart
76%
101Groupama - FDJFRAArnaud Démare
72%
164INEOS GrenadiersITAFilippo Ganna
72%
21Astana Pro TeamDENJakob Fuglsang
72%
33Bahrain - McLarenESPPello Bilbao
72%
175Team Jumbo-VismaGERTony Martin
72%
28Astana Pro TeamRUSAleksandr Vlasov
68%
155NTT Pro CyclingITADomenico Pozzovivo
68%
61CCC TeamRUSIlnur Zakarin
68%
56BORA - hansgroheAUTPatrick Konrad
68%
87Deceuninck - Quick StepITAFausto Masnada
64%
86Deceuninck - Quick StepGBRJames Knox
64%
57BORA - hansgrohePOLRafal Majka
64%
185Team SunwebAUSJai Hindley
60%
68CCC TeamHUNAttila Valter
56%
71Cofidis, Solutions CréditsITAElia Viviani
56%
162INEOS GrenadiersESPJonathan Castroviejo
56%
92EF Pro CyclingECUJonathan Klever Caicedo
56%
53BORA - hansgrohePOLMaciej Bodnar
56%
54BORA - hansgroheITAMatteo Fabbro
56%
163INEOS GrenadiersAUSRohan Dennis
56%
122Lotto SoudalBELThomas De Gendt
56%
181Team SunwebNEDWilco Keldermann
56%
115Israel Start-Up NationGBRAlex Dowsett
52%
168INEOS GrenadiersGBRBen Swift
52%
184Team SunwebAUSChris Hamilton
52%
142Movistar TeamITADario Cataldo
52%
201UAE-Team EmiratesITADiego Ulissi
52%
194Trek - SegafredoITAGiulio Ciccone
52%
103Groupama - FDJITAJacopo Guarnieri
52%
135Mitchelton-ScottAUSLucas Hamilton
52%
36Bahrain - McLarenUKRMark Padun
52%
95EF Pro CyclingPORRuben Guerreiro
52%
72Cofidis, Solutions CréditsITASimone Consonni
52%
171Team Jumbo-VismaNEDSteven Kruijswijk
52%
206UAE-Team EmiratesUSABrandon McNulty
48%
124Lotto SoudalNORCarl Fredrik Hagen
48%
211Vini Zabù - KTMITAGiovanni Visconti
48%
37Bahrain - McLarenAUTHermann Pernsteiner
48%
166INEOS GrenadiersECUJhonatan Narváez
48%
167INEOS GrenadiersITASalvatore Puccio
48%
96EF Pro CyclingESTTanel Kangert
48%
52BORA - hansgroheITACesare Benedetti
44%
205UAE-Team EmiratesCOLFernando Gaviria
44%
134Mitchelton-ScottAUSJack Haig
44%
91EF Pro CyclingUSASean Bennett
44%
83Deceuninck - Quick StepCOLÁlvaro José Hodeg
40%
82Deceuninck - Quick StepITADavide Ballerini
40%
38Bahrain - McLarenSLOJan Tratnik
40%
62CCC TeamCZEJosef Cerny
40%
192Trek - SegafredoFRAJulien Bernard
40%
202UAE-Team EmiratesDENMikkel Bjerg
40%
84Deceuninck - Quick StepDENMikkel Frølich Honoré
40%
125Lotto SoudalAUSAdam Hansen
36%
114Israel Start-Up NationITADavide Cimolai
36%
146Movistar TeamARGEduardo Sepúlveda
36%
193Trek - SegafredoITAGianluca Brambilla
36%
105Groupama - FDJLTUIgnatas Konovalovas
36%
196Trek - SegafredoITAJacopo Mosca
36%
75Cofidis, Solutions CréditsDENJesper Hansen
36%
8AG2R La MondialeUSALarry Warbasse
36%
22Astana Pro TeamITAManuele Boaro
36%
208UAE-Team EmiratesARGMaximiliano Richeze
36%
58BORA - hansgrohePOLPawel Poljanski
36%
127Lotto SoudalITAStefano Oldani
36%
173Team Jumbo-VismaNORTobias Foss
36%
31Bahrain - McLarenJPNYukiya Arashiro
36%
7AG2R La MondialeITAAndrea Vendrame
32%
154NTT Pro CyclingAUSBen O'Connor
32%
183Team SunwebUSAChad Haga
32%
148Movistar TeamITADavide Villella
32%
13Androni Giocattoli - SidermecECUJefferson Alexander Cepeda
32%
11Androni Giocattoli - SidermecITAMattia Bais
32%
186Team SunwebAUSMichael Matthews
32%
73Cofidis, Solutions CréditsFRANicolas Edet
32%
187Team SunwebNEDSam Oomen
32%
63CCC TeamESPVíctor de la Parte
32%
132Mitchelton-ScottITAEdoardo Affini
28%
207UAE-Team EmiratesCOLJuan Sebastián Molano
28%
106Groupama - FDJAUSMiles Scotson
28%
195Trek - SegafredoITANicola Conci
28%
88Deceuninck - Quick StepBELPieter Serry
28%
1AG2R La MondialeFRATony Gallopin
28%
34Bahrain - McLarenITSEros Capecchi
24%
24Astana Pro TeamITAFabio Felline
24%
128Lotto SoudalBELHarm Vanhoucke
24%
141Movistar TeamESPHéctor Carretero
24%
178Team Jumbo-VismaNEDJos van Emden
24%
112Israel Start-Up NationAUTMatthias Brändle
24%
136Mitchelton-ScottAUSMichael Hepburn
24%
93EF Pro CyclingAUSSimon Clarke
24%
15Androni Giocattoli - SidermecSUISimon Pellaud
24%
143Movistar TeamESPAntonio Pedrero
20%
6AG2R La MondialeFRAAurélien Paret-Peintre
20%
4AG2R La MondialeLUXBen Gastauer
20%
137Mitchelton-ScottAUSDamien Howson
20%
117Israel Start-Up NationISRGuy Sagiv
20%
67CCC TeamUSAJoey Rosskopf
20%
64CCC TeamPOLKamil Gradek
20%
94EF Pro CyclingUSALawson Craddock
20%
74Cofidis, Solutions CréditsAUSNathan Haas
20%
107Groupama - FDJNEDRamon Sinkeldam
20%
118Israel Start-Up NationGERRick Zabel
20%
152NTT Pro CyclingBELVictor Campenaerts
20%
35Bahrain - McLarenSLODomen Novak
16%
144Movistar TeamCOLEiner Augusto Rubio
16%
3AG2R La MondialeFRAGeoffrey Bouchard
16%
85Deceuninck - Quick StepBELIljo Keisse
16%
97EF Pro CyclingAUSLachlan Morton
16%
151NTT Pro CyclingRSALouis Meintjes
16%
213Vini Zabù - KTMITAMarco Frapporti
16%
126Lotto SoudalGBRMatthew Holmes
16%
27Astana Pro TeamESPÓscar Rodríguez
16%
55BORA - hansgroheAUTPatrick Gamper
16%
111Israel Start-Up NationFRARudy Barbier
16%
78Cofidis, Solutions CréditsFRAStéphane Rossetto
16%
113Israel Start-Up NationCANAlexander Cataford
12%
138Mitchelton-ScottAUSCameron Meyer
12%
116Israel Start-Up NationESPDaniel Navarro
12%
48Bardiani-CSF-FaizanèITAFilippo Zana
12%
2AG2R La MondialeFRAFrançois Bidard
12%
44Bardiani-CSF-FaizanèITAGiovanni Lonardi
12%
5AG2R La MondialeFINJaako Hänninen
12%
17Androni Giocattoli - SidermecCOLJhonatan Restrepo
12%
25Astana Pro TeamDENJonas Gregaard
12%
204UAE-Team EmiratesUSAJoseph Dombrowski
12%
66CCC TeamPOLKamil Malecki
12%
102Groupama - FDJSUIKilian Frankiny
12%
214Vini Zabù - KTMITALorenzo Rota
12%
156NTT Pro CyclingITAMatteo Sobrero
12%
65CCC TeamRUSPavel Kochetkov
12%
198Trek - SegafredoNEDPieter Weening
12%
145Movistar TeamESPSergio Samitier
12%
104Groupama - FDJFRASimon Guglielmi
12%
203UAE-Team EmiratesITAValerio Conti
12%
47Bardiani-CSF-FaizanèITAAlessandro Tonelli
8%
177Team Jumbo-VismaNEDAntwan Tolhoek
8%
174Team Jumbo-VismaAUSChris Harper
8%
158NTT Pro CyclingSUIDanilo Wyss
8%
32Bahrain - McLarenITAEnrico Battaglin
8%
43Bardiani-CSF-FaizanèITAFilippo Fiorelli
8%
41Bardiani-CSF-FaizanèITAGiovanni Carboni
8%
98EF Pro CyclingAUSJames Whelan
8%
18Androni Giocattoli - SidermecCROJosip Rumac
8%
172Team Jumbo-VismaNEDKoen Bouwman
8%
77Cofidis, Solutions CréditsGERMarco Mathis
8%
76Cofidis, Solutions CréditsFRAMathias Le Turnier
8%
215Vini Zabù - KTMITAMatteo Spreafico
8%
182Team SunwebGERNico Denz
8%
23Astana Pro TeamCOLRodrigo Contreras
8%
121Lotto SoudalBELSander Armée
8%
147Movistar TeamESPAlbert Torres
4%
12Androni Giocattoli - SidermecITAAlessandro Bisolti
4%
153NTT Pro CyclingERIAmanuel Gebreigzabhier
4%
133Mitchelton-ScottUSABrent Bookwalter
4%
176Team Jumbo-VismaGERChristoph Pfingsten
4%
218Vini Zabù - KTMITAEdoardo Zardini
4%
45Bardiani-CSF-FaizanèITAFabio Mazzucco
4%
46Bardiani-CSF-FaizanèITAFrancesco Romano
4%
123Lotto SoudalGBRJonathan Dibben
4%
14Androni Giocattoli - SidermecITALuca Chirico
4%
42Bardiani-CSF-FaizanèITALuca Covili
4%
217Vini Zabù - KTMITALuca Wackermann
4%
188Team SunwebNEDMartijn Tusveld
4%
16Androni Giocattoli - SidermecITASimone Ravanelli
4%
157NTT Pro CyclingAUSDylan Sunderland
0%
216Vini Zabù - KTMNEDEtienne van Empel
0%
212Vini Zabù - KTMITASimone Bevilacqua
0%

Score Distribution

Percentile by Number Answered

Percent of People with Each Score

Your Score History

You have not taken this quiz